[Event "Open B"]
[Site "Venezia ITA"]
[Date "1997.10.??"]
[Round "1"]
[White "Carlassara, Renato"]
[Black "Rabboni, Luca"]
[Result "0-1"]
[WhiteElo "1573"]
[BlackElo "1714"]
[PlyCount "76"]
[EventDate "1997.10.31"]

1. e4 e5 2. Nf3 Nc6 3. d4 exd4 4. Nxd4 Nf6 5. Nc3 Bb4 6. Nxc6 bxc6 7. Bd3 d5 8.
exd5 cxd5 9. O-O O-O 10. Bg5 Be6 11. Nb5 Be7 12. Nd4 Bg4 13. Qe1 Re8 14. Bb5
Nd7 15. Nc6 Bxg5 16. Qb4 Re4 17. Qxe4 dxe4 18. Nxd8 Rxd8 19. h3 Be6 20. Rad1 f5
21. Rd4 Nb6 22. Rxd8+ Bxd8 23. c4 Nxc4 24. Rd1 Nd6 25. a4 Kf7 26. Bc6 Bf6 27.
b4 Bb3 28. Bd5+ Bxd5 29. Rxd5 Ke6 30. Rc5 Kd7 31. Ra5 Bd4 32. Rd5 Bc3 33. Ra5
Bxb4 34. Rxa7 f4 35. a5 e3 36. fxe3 fxe3 37. Kf1 Ne4 38. Ke2 Ng3+ 0-1

[Event "Open B"]
[Site "Venezia ITA"]
[Date "1997.10.??"]
[Round "1"]
[White "Chiodini, Pietro"]
[Black "Cosma, Bruno"]
[Result "1-0"]
[WhiteElo "1570"]
[BlackElo "1701"]
[PlyCount "73"]
[EventDate "1997.10.31"]

1. e4 g6 2. d4 d6 3. Nf3 c6 4. c4 Bg7 5. Nc3 Nd7 6. Be3 e5 7. d5 c5 8. Bd3 a6
9. Qd2 Ne7 10. Bh6 O-O 11. h4 f5 12. Bxg7 Kxg7 13. h5 f4 14. hxg6 Nxg6 15. g3
Rf7 16. Nh4 Nxh4 17. gxh4 Kh8 18. O-O-O Nf6 19. Rdg1 Bd7 20. h5 Qe7 21. f3 Rg7
22. h6 Rxg1+ 23. Rxg1 Rg8 24. Qh2 Qf8 25. Ne2 Qf7 26. Qh4 Rxg1+ 27. Nxg1 Qg6
28. Nh3 Bxh3 29. Qxh3 Ng8 30. Qc8 Qxh6 31. Qxb7 Qh1+ 32. Kc2 Qxf3 33. Qxa6 Qf2+
34. Kb3 Qg3 35. Kc2 f3 36. Qxd6 f2 37. Be2 1-0

[Event "Open B"]
[Site "Venezia ITA"]
[Date "1997.10.??"]
[Round "1"]
[White "Opacic, Alexandar"]
[Black "Del Monaco, Andrea"]
[Result "0-1"]
[WhiteElo "1612"]
[BlackElo "1766"]
[PlyCount "132"]
[EventDate "1997.10.31"]

1. e4 c5 2. Nf3 d6 3. d4 cxd4 4. Nxd4 Nf6 5. Nc3 e6 6. Bg5 a6 7. Qd2 Be7 8.
O-O-O Nc6 9. Nb3 Bd7 10. f4 b5 11. a3 Rc8 12. g3 b4 13. axb4 Nxb4 14. Kb1 a5
15. e5 dxe5 16. Bxf6 gxf6 17. Nxa5 O-O 18. Nb7 Qb6 19. Qxd7 Rc7 20. Qb5 Qxb7
21. Bd3 Nxd3 22. Qxb7 Rxb7 23. Rxd3 Rfb8 24. b3 Ra8 25. Rhd1 exf4 26. gxf4 f5
27. Rd7 Bf6 28. Kb2 Rc8 29. Rxb7 Bxc3+ 30. Kc1 Ra8 31. Rb8+ Rxb8 32. Rd3 Rc8
33. Rg3+ Kf8 34. h4 Be1 35. Rh3 Rc3 36. Rh1 Bg3 37. Kb2 Rc8 38. Rf1 Bxh4 39. c4
Ke7 40. Rd1 h5 41. Ka3 Bf2 42. Rc1 Be3 43. Rh1 Bxf4 44. Rxh5 Bd6+ 45. Ka4 Kd7
46. Rh7 Kc6 47. b4 Ra8+ 48. Kb3 Ra7 49. c5 Bxc5 50. bxc5 Kxc5 51. Kc3 Kd5 52.
Kd3 Ke5 53. Ke3 Ra3+ 54. Kf2 f6 55. Rb7 f4 56. Rb5+ Ke4 57. Rb2 e5 58. Ke2 Kf5
59. Rc2 e4 60. Kf2 Kg4 61. Rb2 f5 62. Rc2 f3 63. Rc1 Kf4 64. Rc4 Ra2+ 65. Kf1
Kg3 66. Rc1 Rh2 0-1

[Event "Open B"]
[Site "Venezia ITA"]
[Date "1997.10.??"]
[Round "2"]
[White "Cattaneo, Ugo"]
[Black "Opacic, Alexandar"]
[Result "1-0"]
[WhiteElo "1737"]
[BlackElo "1612"]
[PlyCount "51"]
[EventDate "1997.10.31"]

1. e4 c5 2. Nf3 d6 3. d4 cxd4 4. Nxd4 Nf6 5. Nc3 a6 6. Be2 e6 7. O-O Be7 8. Be3
O-O 9. Qd2 b5 10. a3 Bb7 11. Bd3 Nbd7 12. Nf3 Qc7 13. Bg5 Rac8 14. Qf4 Kh8 15.
Qh4 Nc5 16. e5 dxe5 17. Bxf6 Nxd3 18. Bxe7 Rfe8 19. cxd3 Rxe7 20. h3 f5 21.
Nxe5 g5 22. Qxg5 Rg7 23. Qf6 Qe7 24. Qxe7 Rxg2+ 25. Kh1 Rg7+ 26. Qxb7 1-0

[Event "Open B"]
[Site "Venezia ITA"]
[Date "1997.10.??"]
[Round "2"]
[White "Del Monaco, Andrea"]
[Black "Friselle, Mirko"]
[Result "1/2-1/2"]
[WhiteElo "1766"]
[BlackElo "1604"]
[PlyCount "93"]
[EventDate "1997.10.31"]

1. e4 e6 2. d4 d5 3. Nc3 dxe4 4. Nxe4 Bd7 5. Nf3 Bc6 6. Bd3 Nd7 7. O-O Ngf6 8.
Neg5 Bxf3 9. Qxf3 c6 10. Qh3 Bd6 11. Re1 Nf8 12. f4 Qc7 13. f5 O-O-O 14. fxe6
fxe6 15. c4 Kb8 16. c5 Bf4 17. Bxf4 Qxf4 18. Nf7 Qxd4+ 19. Qe3 Qxd3 20. Qxd3
Rxd3 21. Nxh8 N8d7 22. b4 e5 23. Rad1 Rxd1 24. Rxd1 Kc7 25. Nf7 a5 26. a3 axb4
27. axb4 b6 28. Ng5 bxc5 29. Ne6+ Kb6 30. bxc5+ Kb5 31. g4 Nd5 32. Rc1 N7f6 33.
h3 g6 34. Re1 Nd7 35. h4 Nc3 36. h5 gxh5 37. gxh5 Kc4 38. Ng5 Nf6 39. h6 Kxc5
40. Rxe5+ Kd4 41. Re7 Ncd5 42. Rf7 c5 43. Nxh7 Ng4 44. Rd7 Ke5 45. Nf6 Ndxf6
46. h7 Nxh7 47. Rxh7 1/2-1/2

[Event "Open B"]
[Site "Venezia ITA"]
[Date "1997.10.??"]
[Round "2"]
[White "Martinez, Guido"]
[Black "Chiodini, Pietro"]
[Result "0-1"]
[WhiteElo "1735"]
[BlackElo "1570"]
[PlyCount "96"]
[EventDate "1997.10.31"]

1. e4 e5 2. Nf3 Bc5 3. Bc4 d6 4. d3 Bg4 5. Bxf7+ Kxf7 6. Nxe5+ dxe5 7. Qxg4 Nf6
8. Qf5 Nc6 9. Nc3 Rf8 10. Nd5 Kg8 11. Bg5 Be7 12. Nxe7+ Qxe7 13. O-O-O Nd4 14.
Qh3 Qe6 15. Qxe6+ Nxe6 16. Bxf6 Rxf6 17. f3 Raf8 18. Kd2 g5 19. h3 h5 20. Ke3
Kg7 21. Rh2 Kg6 22. Rf1 g4 23. hxg4 hxg4 24. Rfh1 gxf3 25. Rh7 Ng7 26. R1h6+
Kg5 27. Rxf6 Kxf6 28. gxf3 Kg6 29. Rh4 Ne6 30. Rg4+ Kh5 31. c3 c5 32. Rg1 Rf4
33. Rh1+ Rh4 34. Rxh4+ Kxh4 35. a3 a5 36. b4 cxb4 37. cxb4 a4 38. Kd2 Kg3 39.
b5 Kxf3 40. Kc3 Ke3 41. Kc4 Nf4 42. b6 Nxd3 43. Kd5 Kd2 44. Kd6 Kc3 45. Kc7 Nc5
46. Kd6 Nxe4+ 47. Kxe5 Nc5 48. Kd6 Na6 0-1

[Event "Open B"]
[Site "Venezia ITA"]
[Date "1997.10.??"]
[Round "2"]
[White "Rabboni, Luca"]
[Black "Pelosin, Matteo"]
[Result "1-0"]
[WhiteElo "1714"]
[BlackElo "1600"]
[PlyCount "73"]
[EventDate "1997.10.31"]

1. e4 e6 2. d4 d5 3. e5 c5 4. c3 Qb6 5. Nf3 Nc6 6. a3 c4 7. g3 Na5 8. Nbd2 Bd7
9. Bg2 O-O-O 10. O-O Be7 11. Ne1 f5 12. exf6 Nxf6 13. Qe2 Ba4 14. Nef3 Nd7 15.
Re1 Nf8 16. Ne5 Rg8 17. Bh3 Kb8 18. Ndf3 Bf6 19. Bf4 Ka8 20. Nf7 Re8 21. Bd6 h6
22. N3e5 Nb3 23. Rab1 h5 24. Qe3 a5 25. Re2 g5 26. Rbe1 g4 27. Bg2 Rg7 28. Qf4
Bxe5 29. Bxe5 Ng6 30. Qf6 Rgg8 31. Bxd5 Nxe5 32. Rxe5 Rgf8 33. Rxe6 Rxe6 34.
Rxe6 Qb5 35. Ra6+ Kb8 36. Qd6+ Kc8 37. Be6+ 1-0

[Event "Open B"]
[Site "Venezia ITA"]
[Date "1997.10.??"]
[Round "3"]
[White "Carlassara, Renato"]
[Black "Cosma, Bruno"]
[Result "0-1"]
[WhiteElo "1573"]
[BlackElo "1701"]
[PlyCount "74"]
[EventDate "1997.10.31"]

1. e4 g6 2. d4 c6 3. Nf3 d6 4. Bc4 Nf6 5. Nc3 Bg7 6. O-O O-O 7. Bg5 b5 8. Bd3
Nbd7 9. Qd2 Re8 10. Rad1 Qc7 11. Rfe1 e5 12. d5 b4 13. Nb1 c5 14. c3 a5 15. a3
Rb8 16. cxb4 axb4 17. Qe2 Qa7 18. Bb5 Nh5 19. a4 h6 20. Bc1 Re7 21. b3 Nf4 22.
Qc2 Ba6 23. Bxa6 Qxa6 24. g3 Nh5 25. Nbd2 Nb6 26. Bb2 Rc8 27. Nc4 Nxc4 28. Qxc4
Qxc4 29. bxc4 f6 30. Ra1 Ra8 31. Ra2 Ra5 32. Nd2 Rea7 33. Rea1 Kf7 34. Nb3 R5a6
35. Bc1 f5 36. f3 Nf6 37. Nd2 h5 0-1

[Event "Open B"]
[Site "Venezia ITA"]
[Date "1997.10.??"]
[Round "3"]
[White "Cesaro, Giuliano"]
[Black "Bozzao, Francesco"]
[Result "1-0"]
[WhiteElo "1884"]
[BlackElo "1600"]
[PlyCount "65"]
[EventDate "1997.10.31"]

1. d4 Nf6 2. Nf3 g6 3. c4 Bg7 4. g3 c6 5. Bg2 O-O 6. Nc3 d6 7. e4 Nbd7 8. O-O
e5 9. d5 Nc5 10. Re1 Ne8 11. b4 Na6 12. Qb3 c5 13. a3 b6 14. b5 Nac7 15. a4 a5
16. bxa6 Nxa6 17. Nb5 h6 18. Bd2 f5 19. Nh4 Kh7 20. a5 fxe4 21. Bxe4 Bf5 22.
axb6 Qxb6 23. Ba5 Qb7 24. Qd3 Bxe4 25. Qxe4 Qf7 26. f3 Bf6 27. Ng2 Kh8 28. Bd2
Qh7 29. Ra3 g5 30. Rea1 Qxe4 31. fxe4 Nec7 32. Nxd6 Be7 33. Nf5 1-0

[Event "Open B"]
[Site "Venezia ITA"]
[Date "1997.10.??"]
[Round "3"]
[White "Chiodini, Pietro"]
[Black "De Bortoli, Maicol"]
[Result "0-1"]
[WhiteElo "1570"]
[BlackElo "1729"]
[PlyCount "56"]
[EventDate "1997.10.31"]

1. e4 c5 2. f4 d6 3. d4 cxd4 4. Qxd4 Nc6 5. Bb5 Bd7 6. Qf2 Nf6 7. Nc3 g6 8.
Nge2 Bg7 9. h3 a6 10. Bxc6 Bxc6 11. Qe3 O-O 12. Bd2 b5 13. O-O-O b4 14. Nd5
Nxd5 15. exd5 Bxd5 16. Bxb4 Bxa2 17. b3 a5 18. Bc3 a4 19. Kb2 axb3 20. Bxg7
bxc2 21. Ra1 Qb8+ 22. Kxc2 Kxg7 23. Nd4 Rc8+ 24. Kd1 Qb2 25. Rxa2 Rxa2 26. Nb3
Ra1+ 27. Nxa1 Qxa1+ 28. Ke2 Qb2+ 0-1

[Event "Open B"]
[Site "Venezia ITA"]
[Date "1997.10.??"]
[Round "3"]
[White "Donisi, Pietro"]
[Black "Cattaneo, Ugo"]
[Result "1/2-1/2"]
[WhiteElo "1600"]
[BlackElo "1737"]
[PlyCount "47"]
[EventDate "1997.10.31"]

1. d4 d5 2. c4 e6 3. Nc3 Nf6 4. cxd5 exd5 5. Bg5 Be7 6. e3 c6 7. Bd3 Bg4 8. Qb3
Qb6 9. Qc2 Nbd7 10. f3 Bh5 11. Nge2 Bd6 12. Nf4 Bg6 13. Nxg6 hxg6 14. O-O-O O-O
15. Kb1 Rac8 16. e4 c5 17. Nxd5 Nxd5 18. exd5 cxd4 19. Qd2 Nc5 20. Bc2 Be5 21.
f4 d3 22. Bxd3 Nxd3 23. fxe5 Nxe5 24. Rhe1 1/2-1/2

[Event "Open B"]
[Site "Venezia ITA"]
[Date "1997.10.??"]
[Round "3"]
[White "Friselle, Mirko"]
[Black "Pagin, Giacomo"]
[Result "0-1"]
[WhiteElo "1604"]
[BlackElo "1669"]
[PlyCount "54"]
[EventDate "1997.10.31"]

1. e4 e5 2. Nf3 Nc6 3. Nc3 Nf6 4. Bc4 Nxe4 5. Nxe4 d5 6. Bxd5 Qxd5 7. d3 f5 8.
Nc3 Qf7 9. Qe2 Bd6 10. Bd2 a6 11. a3 O-O 12. O-O h6 13. Na2 Bd7 14. Bb4 Nxb4
15. Nxb4 Rae8 16. c3 Qh5 17. Nd4 Qg6 18. Nf3 e4 19. Nh4 Qf6 20. g3 f4 21. Qh5
g5 22. Ng2 Re5 23. Qd1 Qf5 24. dxe4 Qh3 25. Qd3 f3 26. Ne3 g4 27. Rfe1 Rh5 0-1

[Event "Open B"]
[Site "Venezia ITA"]
[Date "1997.10.??"]
[Round "3"]
[White "Malnich, Riccardo"]
[Black "Scarpa, Arnaldo"]
[Result "1-0"]
[WhiteElo "1732"]
[BlackElo "1573"]
[PlyCount "99"]
[EventDate "1997.10.31"]

1. e4 c5 2. Nc3 Nc6 3. g3 d6 4. Bg2 g6 5. d3 Bg7 6. f4 e5 7. Nf3 Bg4 8. h3 Bxf3
9. Bxf3 Nd4 10. O-O h5 11. Bg2 Nh6 12. Ne2 h4 13. g4 f6 14. c3 Nc6 15. Qb3 Qe7
16. Be3 O-O-O 17. f5 g5 18. a4 Qc7 19. Qa3 Bf8 20. b4 cxb4 21. cxb4 Kb8 22.
Rfc1 Qd7 23. a5 d5 24. exd5 Nxb4 25. Qb3 Nxd5 26. Rab1 Rh7 27. Bf2 Nb4 28. Be4
Rc8 29. Nc3 Na6 30. Bxa7+ Ka8 31. Bf2 Bc5 32. Nd5 Kb8 33. Nxf6 Bxf2+ 34. Kxf2
Qd4+ 35. Ke2 Rxc1 36. Rxc1 Re7 37. Qb6 Nf7 38. Qxd4 exd4 39. Nd5 Re5 40. Nb6
Rxa5 41. Rc8+ Ka7 42. Nc4 Rb5 43. Rf8 Ne5 44. Nxe5 Rxe5 45. Rg8 Nc5 46. Rxg5
Ne6 47. Rg8 Nf4+ 48. Kf3 Nxd3 49. Rd8 Ne1+ 50. Kf4 1-0

[Event "Open B"]
[Site "Venezia ITA"]
[Date "1997.10.??"]
[Round "3"]
[White "Opacic, Alexandar"]
[Black "Ballarin, Gabriele"]
[Result "1-0"]
[WhiteElo "1612"]
[BlackElo "1486"]
[PlyCount "55"]
[EventDate "1997.10.31"]

1. e4 c5 2. Nf3 d6 3. d4 cxd4 4. Nxd4 Nf6 5. Nc3 e6 6. Be2 a6 7. a4 Be7 8. O-O
O-O 9. Be3 Nbd7 10. f4 Qc7 11. Bf3 Rd8 12. Qe2 Nb6 13. Nd1 Nc4 14. b3 Nxe3 15.
Nxe3 d5 16. e5 Nd7 17. Kh1 b6 18. Rab1 Nc5 19. f5 Bf8 20. c4 Bb7 21. Ng4 exf5
22. Nxf5 d4 23. b4 Bxf3 24. Qxf3 Ne6 25. h4 Rac8 26. Nfh6+ gxh6 27. Nf6+ Kh8
28. Qf5 1-0

[Event "Open B"]
[Site "Venezia ITA"]
[Date "1997.10.??"]
[Round "3"]
[White "Pelosin, Matteo"]
[Black "Luisetto, Alessandro"]
[Result "0-1"]
[WhiteElo "1600"]
[BlackElo "1798"]
[PlyCount "55"]
[EventDate "1997.10.31"]

1. e4 c6 2. d4 d5 3. e5 Bf5 4. c4 e6 5. Nc3 Bb4 6. Bd2 dxc4 7. Nf3 b5 8. a4 Qb6
9. axb5 cxb5 10. d5 Ne7 11. d6 Nec6 12. Be3 Qb7 13. Be2 Nd7 14. Bf4 O-O 15. O-O
Nc5 16. Nd4 Nxd4 17. Qxd4 Nb3 18. Qe3 Nxa1 19. Qg3 Bxc3 20. Bh6 Bg6 21. Bf3 Qd7
22. Bxa8 Bxb2 23. Bxg7 Kxg7 24. Be4 c3 25. h4 Kh8 26. f3 c2 27. Qg5 Qd8 28. Qh6
0-1

[Event "Open B"]
[Site "Venezia ITA"]
[Date "1997.10.??"]
[Round "3"]
[White "Pompili, Alberto"]
[Black "Vianello, Enrico"]
[Result "0-1"]
[WhiteElo "1812"]
[BlackElo "1591"]
[PlyCount "106"]
[EventDate "1997.10.31"]

1. d4 d5 2. c4 c6 3. Nc3 Nf6 4. cxd5 cxd5 5. Nf3 Bf5 6. Bf4 Qb6 7. Qd2 e6 8. a3
Nc6 9. e3 Rc8 10. Rc1 Be7 11. Bb5 O-O 12. O-O Na5 13. Qe2 Nb3 14. Rce1 Bxa3 15.
Bd3 Bxd3 16. Qxd3 Be7 17. Ne5 Na5 18. Rb1 Nc4 19. Bg5 Rfd8 20. Nf3 h6 21. Bh4
Qb4 22. Rfc1 b6 23. Bxf6 Bxf6 24. Nd2 Rd7 25. Na2 Qa5 26. Nxc4 Qxa2 27. Ne5
Rdc7 28. Rxc7 Rxc7 29. g3 Bxe5 30. dxe5 Qc4 31. Rd1 Qxd3 32. Rxd3 Rc2 33. Ra3
Rc7 34. Kg2 Kh7 35. Kf3 Kg6 36. g4 h5 37. h3 hxg4+ 38. hxg4 a5 39. Rb3 Rc6 40.
Kg3 f5 41. exf6 gxf6 42. Rb5 f5 43. f3 Kf6 44. gxf5 Kxf5 45. e4+ Ke5 46. Kg4
Kd4 47. exd5 exd5 48. b3 Rf6 49. Kg3 Ke3 50. Rxd5 Rxf3+ 51. Kg4 Rf4+ 52. Kg3
Rb4 53. Rf5 Kd2 0-1

[Event "Open B"]
[Site "Venezia ITA"]
[Date "1997.10.??"]
[Round "3"]
[White "Trangoni, Bruno"]
[Black "Pomaro, Stefano"]
[Result "1-0"]
[WhiteElo "1662"]
[BlackElo "1568"]
[PlyCount "56"]
[EventDate "1997.10.31"]

1. f4 d5 2. Nf3 Nf6 3. g3 Bf5 4. Bg2 e6 5. O-O Bd6 6. b3 Nbd7 7. Bb2 c5 8. Na3
a6 9. c4 O-O 10. Nc2 dxc4 11. bxc4 Qc7 12. d3 Bg6 13. e4 e5 14. f5 Bh5 15. a4
b5 16. Ne3 bxc4 17. Nxc4 Nb6 18. Nxd6 Qxd6 19. Qc2 Bxf3 20. Bxf3 Rac8 21. Rfd1
Rfd8 22. a5 Nbd7 23. Ra4 Rb8 24. Ba3 Rb5 25. Be2 Qc7 26. d4 Rxa5 27. dxc5 Rxa4
28. Qxa4 Nxe4 1-0

[Event "Open B"]
[Site "Venezia ITA"]
[Date "1997.10.??"]
[Round "3"]
[White "Ventura, Paolo"]
[Black "Rabboni, Luca"]
[Result "0-1"]
[WhiteElo "1575"]
[BlackElo "1714"]
[PlyCount "62"]
[EventDate "1997.10.31"]

1. d4 Nf6 2. c4 c5 3. d5 b5 4. Nf3 Bb7 5. e3 d6 6. Nc3 bxc4 7. Bxc4 Nbd7 8. Bd2
g6 9. a4 Bg7 10. a5 Rb8 11. Rb1 Ba8 12. O-O O-O 13. Re1 Qxa5 14. Nb5 Qd8 15.
Qa4 Nb6 16. Qa2 Nxc4 17. Qxc4 Bxd5 18. Qd3 c4 19. Qa3 Rxb5 20. Nd4 Rb7 21. Ne2
Ne4 22. Ba5 Qd7 23. f3 Nc5 24. Nd4 Rfb8 25. Bc3 Qa4 26. Ra1 Qxa3 27. Rxa3 Nd3
28. Rea1 Nxb2 29. Rxa7 Rxa7 30. Rxa7 Nd1 31. Ba5 Nxe3 0-1

[Event "Open B"]
[Site "Venezia ITA"]
[Date "1997.10.??"]
[Round "3"]
[White "Zangrando, Gianpietro"]
[Black "Liubich, Fabrizio"]
[Result "1-0"]
[WhiteElo "1719"]
[BlackElo "1486"]
[PlyCount "43"]
[EventDate "1997.10.31"]

1. Nf3 d5 2. d4 Nf6 3. c4 g6 4. Nc3 Bg7 5. cxd5 Nxd5 6. e4 Nxc3 7. bxc3 c5 8.
Bb5+ Bd7 9. Bxd7+ Qxd7 10. O-O O-O 11. Be3 Nc6 12. Rb1 cxd4 13. cxd4 b6 14. Qa4
Qb7 15. Rfc1 Rfc8 16. d5 Na5 17. Qxa5 Rxc1+ 18. Bxc1 Rc8 19. Qb5 a6 20. Qe2 b5
21. Be3 Rc4 22. Qxc4 1-0

[Event "Open B"]
[Site "Venezia ITA"]
[Date "1997.10.??"]
[Round "3"]
[White "Zappi, Adriano"]
[Black "Martinez, Guido"]
[Result "1-0"]
[WhiteElo "1587"]
[BlackElo "1735"]
[PlyCount "65"]
[EventDate "1997.10.31"]

1. Nf3 Nf6 2. g3 b6 3. Bg2 Nc6 4. O-O Bb7 5. d3 d5 6. c3 e5 7. Nbd2 g6 8. Re1
Bg7 9. Nf1 O-O 10. Bg5 Re8 11. e4 d4 12. Rc1 dxc3 13. bxc3 Qd6 14. d4 exd4 15.
cxd4 Nxe4 16. Bf4 Qb4 17. d5 Nc3 18. Qd3 Na5 19. Bd2 Rxe1 20. Nxe1 Re8 21. Ne3
Qb2 22. Rc2 Qb1 23. Bxc3 Ba6 24. Qd2 Nc4 25. Qc1 Qxc1 26. Rxc1 Bh6 27. N1c2
Nxe3 28. Nxe3 Rxe3 29. Bd2 Re1+ 30. Rxe1 Bxd2 31. Re8+ Kg7 32. Re7 Bc4 33. Rxc7
1-0

[Event "Open B"]
[Site "Venezia ITA"]
[Date "1997.10.??"]
[Round "3"]
[White "Zotti, Enrico"]
[Black "Maccapan, Fabio"]
[Result "1-0"]
[WhiteElo "1671"]
[BlackElo "1837"]
[PlyCount "55"]
[EventDate "1997.10.31"]

1. e4 c6 2. d4 d6 3. Nf3 g6 4. Bd3 Nf6 5. O-O Bg7 6. e5 dxe5 7. dxe5 Nd5 8. c3
Bg4 9. h3 Bxf3 10. Qxf3 Bxe5 11. Bh6 e6 12. Nd2 Qf6 13. Qg4 Bf4 14. Ne4 Qe5 15.
Ng5 Bxg5 16. Bxg5 h6 17. Bd2 Nd7 18. Rfe1 Qf6 19. c4 Ne5 20. Rxe5 Qxe5 21. cxd5
Qxd5 22. Bc3 Rg8 23. Bc4 Qf5 24. Qd4 b5 25. Rd1 e5 26. Qd6 bxc4 27. Qxc6+ Ke7
28. Bb4# 1-0

[Event "Open B"]
[Site "Venezia ITA"]
[Date "1997.10.??"]
[Round "4"]
[White "Ballarin, Gabriele"]
[Black "Carlassara, Renato"]
[Result "0-1"]
[WhiteElo "1486"]
[BlackElo "1573"]
[PlyCount "50"]
[EventDate "1997.10.31"]

1. e4 e5 2. Bc4 Nf6 3. d3 d5 4. exd5 Nxd5 5. Ne2 Bc5 6. Nbc3 Nf6 7. Be3 Bxe3 8.
fxe3 Nc6 9. a3 O-O 10. O-O a6 11. Ng3 Bg4 12. Qd2 Ne7 13. Rf2 b5 14. Ba2 c6 15.
Raf1 Ned5 16. Nce4 Qe7 17. h3 Be6 18. Ng5 Nh5 19. Nxe6 Nxg3 20. Nxf8 Nxf1 21.
Kxf1 Rxf8 22. e4 Nf4 23. d4 Ng6 24. dxe5 Qxe5 25. Bxf7+ Rxf7 0-1

[Event "Open B"]
[Site "Venezia ITA"]
[Date "1997.10.??"]
[Round "4"]
[White "Chiodini, Pietro"]
[Black "Zangrando, Gianpietro"]
[Result "0-1"]
[WhiteElo "1570"]
[BlackElo "1719"]
[PlyCount "58"]
[EventDate "1997.10.31"]

1. e3 Nf6 2. Nf3 d5 3. c4 c6 4. d4 Nbd7 5. Nc3 e6 6. Qc2 Bd6 7. Be2 O-O 8. O-O
dxc4 9. Bxc4 e5 10. dxe5 Nxe5 11. Nxe5 Bxe5 12. Rd1 Qc7 13. Ne4 g6 14. f4 Nxe4
15. Qxe4 Bg7 16. Qf3 Qb6 17. Kh1 Qb4 18. b3 Bxa1 19. Bd2 Bc3 20. a3 Qe7 21.
Bxc3 Be6 22. Qe4 Rad8 23. Re1 Qd6 24. Bb4 c5 25. Bc3 Bxc4 26. bxc4 Rfe8 27. Qb1
Qd3 28. Qb2 Rxe3 29. Rc1 Qxc3 0-1

[Event "Open B"]
[Site "Venezia ITA"]
[Date "1997.10.??"]
[Round "4"]
[White "Cosma, Bruno"]
[Black "Opacic, Alexandar"]
[Result "1-0"]
[WhiteElo "1701"]
[BlackElo "1612"]
[PlyCount "77"]
[EventDate "1997.10.31"]

1. Nf3 c5 2. b3 Nf6 3. Bb2 d5 4. e3 Nc6 5. Bb5 Bg4 6. O-O a6 7. Be2 e6 8. d4
Bh5 9. Nbd2 Rc8 10. c4 cxd4 11. Nxd4 Bg6 12. a3 Be7 13. N2f3 h6 14. cxd5 exd5
15. Bd3 O-O 16. Bxg6 fxg6 17. Ne6 Qd7 18. Nxf8 Rxf8 19. Qd3 g5 20. Rfd1 Ne4 21.
Qxd5+ Qxd5 22. Rxd5 g4 23. Ne5 Rxf2 24. Bd4 Rc2 25. Nxc6 Bf6 26. Bxf6 bxc6 27.
Rd8+ Kf7 28. Bh4 Nc5 29. Rf1+ Ke6 30. b4 Nb3 31. Rfd1 g5 32. Bg3 h5 33. R8d3
Nc1 34. Rd6+ Ke7 35. R6d2 Rc3 36. Bd6+ Ke6 37. Bc5 Ke5 38. Bd4+ Ke4 39. Bxc3
1-0

[Event "Open B"]
[Site "Venezia ITA"]
[Date "1997.10.??"]
[Round "4"]
[White "De Bortoli, Maicol"]
[Black "Zotti, Enrico"]
[Result "1/2-1/2"]
[WhiteElo "1729"]
[BlackElo "1671"]
[PlyCount "60"]
[EventDate "1997.10.31"]

1. d4 Nf6 2. c4 g6 3. Nf3 Bg7 4. Nc3 O-O 5. Bg5 d6 6. e3 Nbd7 7. Bd3 e5 8. O-O
h6 9. Bh4 g5 10. Bg3 Nh5 11. dxe5 Nxg3 12. hxg3 dxe5 13. Bf5 Nc5 14. Qc2 Bxf5
15. Qxf5 Qd3 16. Qxd3 Nxd3 17. Rad1 Rfd8 18. b3 c6 19. e4 Nc5 20. g4 Ne6 21.
Rxd8+ Rxd8 22. Rd1 Rxd1+ 23. Nxd1 Kf8 24. Ne3 Nd4 25. Nd2 Ke7 26. f3 Ke6 27.
Kf2 Bf8 28. Ke1 Bb4 29. Kd1 Bxd2 30. Kxd2 a5 1/2-1/2

[Event "Open B"]
[Site "Venezia ITA"]
[Date "1997.10.??"]
[Round "4"]
[White "Del Monaco, Andrea"]
[Black "Rabboni, Luca"]
[Result "1-0"]
[WhiteElo "1766"]
[BlackElo "1714"]
[PlyCount "59"]
[EventDate "1997.10.31"]

1. e4 e5 2. Nf3 Nc6 3. Bb5 a6 4. Ba4 Nf6 5. O-O b5 6. Bb3 Bb7 7. Re1 Bc5 8. c3
d6 9. d4 Bb6 10. a4 h6 11. h3 O-O 12. axb5 axb5 13. Rxa8 Qxa8 14. Na3 Ba6 15.
d5 Ne7 16. Nh2 Ng6 17. Ng4 Nxe4 18. Rxe4 f5 19. Nxh6+ gxh6 20. Qh5 Bxf2+ 21.
Kh2 Rf6 22. Re2 Bh4 23. Bxh6 b4 24. Nc4 Qxd5 25. Nd2 Qxb3 26. Nxb3 Bxe2 27.
Qxe2 bxc3 28. bxc3 f4 29. Qh5 e4 30. Bxf4 1-0

[Event "Open B"]
[Site "Venezia ITA"]
[Date "1997.10.??"]
[Round "4"]
[White "Luisetto, Alessandro"]
[Black "Zappi, Adriano"]
[Result "1-0"]
[WhiteElo "1798"]
[BlackElo "1587"]
[PlyCount "119"]
[EventDate "1997.10.31"]

1. g3 g6 2. Bg2 Bg7 3. e4 d6 4. d4 Nf6 5. Nc3 Nbd7 6. Nf3 O-O 7. O-O e5 8. Bg5
h6 9. Bxf6 Bxf6 10. Qd2 Bg7 11. Rad1 exd4 12. Nxd4 Ne5 13. b3 Bd7 14. Nd5 a6
15. f4 Nc6 16. c3 Ne7 17. Ne3 Bc6 18. f5 gxf5 19. exf5 Bxg2 20. Kxg2 Nc6 21.
Ng4 Qg5 22. Qxg5 hxg5 23. f6 Bh8 24. Nxc6 bxc6 25. Rf5 Rfe8 26. Rxg5+ Kh7 27.
Rh5+ Kg6 28. Rh6+ Kg5 29. Rd4 Kf5 30. Rh7 Kg6 31. Rh6+ Kf5 32. Rf4+ Ke6 33. Rh7
d5 34. Rf3 Rf8 35. Rh5 Rg8 36. Re3+ Kd6 37. Nh6 Rgf8 38. Rf5 Rad8 39. g4 c5 40.
g5 Rd7 41. Rfe5 c6 42. Re8 Rxe8 43. Rxe8 Bxf6 44. gxf6 d4 45. cxd4 cxd4 46. Kf2
d3 47. Ke1 Kc5 48. Kd2 Rd6 49. Ng4 Kb4 50. Re7 Rd4 51. h3 Ka3 52. Rxf7 Kxa2 53.
Ra7 Kxb3 54. f7 Rf4 55. Kxd3 c5 56. Ke3 Rf5 57. Ke4 Rf1 58. Ne3 Rf6 59. Ke5 Rf3
60. Nf5 1-0

[Event "Open B"]
[Site "Venezia ITA"]
[Date "1997.10.??"]
[Round "4"]
[White "Maccapan, Fabio"]
[Black "Trangoni, Bruno"]
[Result "1-0"]
[WhiteElo "1837"]
[BlackElo "1662"]
[PlyCount "77"]
[EventDate "1997.10.31"]

1. e4 e5 2. Nf3 Nc6 3. Bb5 f5 4. Nc3 fxe4 5. Bxc6 bxc6 6. Nxe4 d5 7. Ng3 Bd6 8.
Nxe5 Qe7 9. O-O Bxe5 10. Re1 Nf6 11. d4 O-O 12. Rxe5 Qf7 13. f3 h5 14. Bg5 Nh7
15. Be7 Re8 16. Qe2 Nf8 17. Bxf8 Rxf8 18. Rxh5 Qf4 19. c3 Bd7 20. Re1 Rae8 21.
Re5 Rxe5 22. dxe5 Re8 23. Qe3 Qh4 24. Qxa7 Re6 25. Qd4 Qg5 26. a4 Bc8 27. f4
Qe7 28. f5 Rh6 29. Qe3 Qh4 30. h3 c5 31. e6 Qe7 32. Qe5 Bb7 33. a5 Rh4 34. a6
Bc6 35. a7 d4 36. cxd4 Rxd4 37. Nh5 Qg5 38. g4 Rd2 39. e7 1-0

[Event "Open B"]
[Site "Venezia ITA"]
[Date "1997.10.??"]
[Round "4"]
[White "Malnich, Riccardo"]
[Black "Ventura, Paolo"]
[Result "1/2-1/2"]
[WhiteElo "1732"]
[BlackElo "1575"]
[PlyCount "62"]
[EventDate "1997.10.31"]

1. e4 Nc6 2. d4 e5 3. dxe5 Nxe5 4. Nf3 Ng6 5. Bc4 d6 6. Bg5 Be7 7. Bxe7 Qxe7 8.
Nc3 Nf6 9. O-O O-O 10. Re1 Bg4 11. h3 Bxf3 12. Qxf3 Ne5 13. Qe2 Nxc4 14. Qxc4
c6 15. Rad1 Rad8 16. Qd4 b6 17. Re2 Rfe8 18. Red2 d5 19. exd5 Nxd5 20. Nxd5
Rxd5 21. Qc3 Rxd2 22. Qxd2 Kf8 23. Kf1 c5 24. a4 Qe5 25. Qd6+ Qxd6 26. Rxd6 Ke7
27. Rd3 Rd8 28. Re3+ Kd7 29. c4 Re8 30. Rd3+ Kc6 31. f3 f5 1/2-1/2

[Event "Open B"]
[Site "Venezia ITA"]
[Date "1997.10.??"]
[Round "4"]
[White "Martinez, Guido"]
[Black "Donisi, Pietro"]
[Result "1/2-1/2"]
[WhiteElo "1735"]
[BlackElo "1600"]
[PlyCount "48"]
[EventDate "1997.10.31"]

1. e4 c6 2. d4 d5 3. Nc3 dxe4 4. Nxe4 Bf5 5. Ng3 Bg6 6. Nf3 Nd7 7. Bd3 Bxd3 8.
Qxd3 Qc7 9. O-O e6 10. Re1 Ngf6 11. c3 Bd6 12. Nf5 O-O 13. Nxd6 Qxd6 14. Ne5
Rfd8 15. Qh3 Nd5 16. Qg3 Ne7 17. Bf4 Qd5 18. Qh3 Nf8 19. Ng4 Nfg6 20. Qg3 Nf5
21. Ne3 Nxg3 22. Nxd5 Nxf4 23. Nxf4 Nf5 24. Re5 h6 1/2-1/2